000 00813nam a2200253Ia 4500
003 GCL
008 140319s9999 xx 000 0 ara d
040 _aGCL /
_cGCL
082 0 4 _aق
_b962.39
_bا س
100 1 _aاحمد بهاءالدين
245 1 0 _aسيناء الطبيعة والتاريخ والانسان والاهل /
_cاحمد بهاءالدين
700 1 _aدار الهلال
300 _a242 ص
490 _aالهلال
_v0
650 0 4 _aالعادات والتقاليد
650 0 4 _aالجغرافيا الطبيعية
650 0 4 _aالقبائل العربية
650 0 4 _aالبدو
650 0 4 _aسيناء
650 0 4 _aالموارد الاقتصادية
650 0 4 _aالموارد الطبيعية
650 0 4 _aدير سانت كاترين
942 _2ddc
_cBK
999 _c38291
_d38291